00405nam a2200133Ia 4500008004100000020001800041041000800059082001700067100001300084245011900097260002600216365001600242700001300258230718s9999 xx 000 0 und d a9789350235454 aeng a005.265bMEW aMew K.M. aAndroid 3.0 Application Development CookbookbOver 70 Working Recipes Covering Every Aspect Of Android Development bPackt Publishing /SPD cRs.b425.00 aMew K.M.